| 000 | 00355nam a22001337a 4500 | ||
|---|---|---|---|
| 020 | _a9789693520823 | ||
| 082 |
_a954.91 _bMAL |
||
| 100 | _aMalik, Fateh Muhammad | ||
| 245 |
_aFitna-i-inkar Pakistan / _cFateh Muhammad |
||
| 260 |
_aLahore : _bSang-e-Meel Publications, _c2008. |
||
| 300 |
_a243p. ; _c22 cm. |
||
| 563 | _aHBK. | ||
| 942 |
_2ddc _cBK |
||
| 999 |
_c589111 _d589111 |
||